000 006010000a22001930004500
999 _c59875
_d59875
001 768714001
003 CO-MdFUSB
005 20170718105100.0
008 170718s1990 ag ||||| |||| 00| 0 spa d
022 _a0122-2996
040 _aCO-MdFUSB
_bspa
_cCO-MdFUSB
_dCO-MdFUSB
041 _aspa
100 1 _aAnónimo
245 1 0 _aLa violencia en el Ecuador :
_bun informe
300 _aVolumen 22. Número 39 (1990), Páginas 173-181
_c22 cm.
546 _aTexto en español
773 0 _tBoletín Teológico
_049507
_961471
_gVolumen 22. Número 39 (1990), Páginas 173-181
_qPágina 173
942 _cANA